00453nam a2200169Ia 450000500170000000800410001704000190005804100120007708200150008910000170010424500600012126000390018130000140022050400180023465000210025285000100027320240320115319.0131103s9999 xx 000 0 und d aLoreto College aEnglish a420.7bCOL aCole, Wilton aSound and senseb A handbook on elocution cWilton Cole aLondonbGeorge Allen & Unwinc1960 avii,82p.  aInclues index aEnglish language aLCBED